Responses for show #7836 - Monday, October 8, 2018

Contestants

[<< previous game]

Lee Glazer, a director of a college research center from Waterville, Maine

Alex Schmidt, a writer and comedian from Pasadena, California

Adam Francois Watkins, a stay-at-home dad and lawyer from Atlanta, Georgia (whose 1-day cash winnings total $25,706)

[next game >>]

Jeopardy! Round responses

FORT NIGHT
AT LEAST 20 MILLION TWITTER FOLLOWERS
LET US FLOAT SOMETHING BY YOU
TRAVEL BOOKS
THIS IS "EZ"
HERE'S THE HARD STUFF
    $200 19
Fort McHenry

Alex
    $200 29
Barack Obama

Lee
    $200 12
float like a butterfly

Alex
    $200 1
Australia

Alex
    $200 3
squeezy

Lee
    $200 8
rum

Alex
    $400 20
World War I

Adam
    $400 30
Eminem

Alex
    $400 13
a letter in a bottle

Adam
    $400 2
Patagonia

Lee
    $400 4
wheeze

Adam
    $400 28
(single-malt) Scotch

Lee
    $600 16
(Adam: What is Bombay?)

Calcutta

AdamAlex
    $600 15
Bill Gates

Adam
    $600 26
Ivory

Lee
    $600 5
(Florence) Nightingale

Adam
    $600 9
a geezer

Alex
    $600 21
gin

Adam
    $800 17
Mobile

Adam
    $800 18
Emma Watson

Lee
    $800 14
a rising tide

Adam
    $800 6
(Tom) Wolfe

Alex
    $800 10
a bridezilla

Alex
    $800 22
a Manhattan

Alex
    $1000 24
(Anthony) Wayne

Alex
    $2,000 25
Pitbull

Alex
    $1000 27
(Alex Trebek: With less than a minute.)

floating island

Lee
    $1000 7
Shackleton

Adam
    $1000 11
a mezuzah

Lee
    $1000 23
grappa

Adam

Scores at the first commercial break (after clue 15):

Adam Alex Lee
$3,800 $2,800 $1,600

Scores at the end of the Jeopardy! Round:

Adam Alex Lee
$6,000 $7,800 $4,600

Double Jeopardy! Round responses

ASTRONOMY
FORMER SOVIET REPUBLICS
2018 HAPPENINGS
BRITISH PLAYS & PLAYWRIGHTS
MOVIE MUSIC
THE SHUSH DOCTRINE
    $400 19
a teapot

Alex
    $400 18
Georgia

Adam
    $400 23
Indianapolis

Adam
    $400 25
[ERRATUM: "Osborne" was misspelled in the clue as shown.]

in anger

Alex
    $400 26
Coppola

Alex
    $400 1
(Alex Schmidt: What is clam it?)

clam up

AlexLee
    $800 20
(Alex Schmidt: What is Mars?)

Venus

AdamAlex
    $800 6
Belarus

Adam
    $800 16
France

Alex
    $800 12
Equus

Alex
    $800 11
Spielberg

Alex
    $800 2
boo

Adam
    $4,000 7
Aries

Adam
    $1200 3
Kazakhstan

Alex
    $1200 17
Cynthia Nixon

Adam
    $1200 13
1977

Alex
    $1200 8
The Hunger Games

Alex
    $1200 27
mum

Lee
    $1600 21
refractors

Adam
    $1600 4
(Adam: What is Azerbaijan?)

Armenia

AdamAlex
    $1600 24
(Alex Trebek: Less than a minute now.)

Literature

Alex
    $2,000 14
(Alex Schmidt: What is... Guilt?)

Blithe Spirit

Alex
    $1600 9
Devo

Alex
    $1600 28
reserved

Adam
    $2000 22
the Kuiper Belt

Adam
    $2000 5
Lithuania

Triple Stumper
    $2000 29
Oliver North

Adam
    $2000 15
Edward

Alex
    $2000 10
the zither

Triple Stumper
    $2000 30
whist

Lee

Scores at the end of the Double Jeopardy! Round:

Adam Alex Lee
$20,000 $18,600 $8,200

[wagering suggestions for these scores]

Final Jeopardy! Round responses

U.S. CAPITOL ART
LeeWho is Moses?
$8,199
AlexWho is Moses?
$2,198
AdamWho is Solomon Justinian vote!
$17,201
Moses

Final scores:

Adam Alex Lee
$2,799 $20,798 $16,399
3rd place: $1,000 New champion: $20,798 2nd place: $2,000

Game dynamics:

Coryat scores:

Adam Alex Lee
$17,200 $19,600 $8,200
21 R
(including 1 DD),
2 W
25 R
(including 1 DD),
3 W
(including 1 DD)
11 R,
0 W

Combined Coryat: $45,000

The J! Archive is created by fans, for fans. The Jeopardy! game show and all elements thereof, including but not limited to copyright and trademark thereto, are the property of Jeopardy Productions, Inc. and are protected under law. This website is not affiliated with, sponsored by, or operated by Jeopardy Productions, Inc. Join the discussion at JBoard.tv.